[Event "ODJM B 2025"]
[Site "Willingen GER"]
[Date "2025.06.11"]
[Round "6"]
[White "Kühne, Malin"]
[Black "Schmidt, Marieke"]
[Result "0-1"]
[Termination "normal"]
[Board "61"]
[WhiteElo "1536"]
[BlackElo "1726"]
[WhiteClock "00:07:03"]
[BlackClock "00:29:27"]
[PlyCount "92"]
[WhiteFideId "34619747"]
[BlackFideId "533007497"]
[EventCountry "GER"]
[EventRounds "9"]
[EventType "swiss"]
[EventDate "2025.06.07"]

1. e4 {[%clk 01:30:58]} {[%emt 00:00:01]} d5 {[%clk 01:30:54]} {[%emt
00:00:07]} 2. exd5 {[%clk 01:31:22]} {[%emt 00:00:05]} Nf6 {[%clk 01:31:19]}
{[%emt 00:00:06]} 3. d4 {[%clk 01:31:43]} {[%emt 00:00:08]} Nxd5 {[%clk
01:31:46]} {[%emt 00:00:04]} 4. Nf3 {[%clk 01:31:58]} {[%emt 00:00:14]} g6
{[%clk 01:30:31]} {[%emt 00:01:46]} 5. c4 {[%clk 01:31:49]} {[%emt 00:00:38]}
Nb6 {[%clk 01:30:55]} {[%emt 00:00:07]} 6. Nc3 {[%clk 01:31:47]} {[%emt
00:00:32]} Bg7 {[%clk 01:31:14]} {[%emt 00:00:12]} 7. c5 {[%clk 01:31:12]}
{[%emt 00:01:04]} Nd5 {[%clk 01:30:28]} {[%emt 00:01:17]} 8. Bc4 {[%clk
01:30:02]} {[%emt 00:01:40]} e6 {[%clk 01:25:44]} {[%emt 00:05:13]} 9. Qb3
{[%clk 01:18:22]} {[%emt 00:12:09]} Nxc3 {[%clk 01:23:18]} {[%emt 00:02:57]}
10. bxc3 {[%clk 01:16:57]} {[%emt 00:01:55]} O-O {[%clk 01:22:43]} {[%emt
00:01:05]} 11. O-O {[%clk 01:16:29]} {[%emt 00:00:57]} Nc6 {[%clk 01:22:41]}
{[%emt 00:00:32]} 12. Bd3 {[%clk 01:08:17]} {[%emt 00:08:40]} Rb8 {[%clk
01:19:22]} {[%emt 00:03:51]} 13. Rb1 {[%clk 01:05:47]} {[%emt 00:02:59]} b6
{[%clk 01:17:04]} {[%emt 00:02:49]} 14. Qa4 {[%clk 01:01:11]} {[%emt 00:05:04]}
Bb7 {[%clk 01:15:37]} {[%emt 00:01:58]} 15. Ba3 {[%clk 00:52:53]} {[%emt
00:08:48]} Re8 {[%clk 01:09:12]} {[%emt 00:06:55]} 16. Bb5 {[%clk 00:51:55]}
{[%emt 00:01:28]} Qd7 {[%clk 01:07:44]} {[%emt 00:01:59]} 17. Rfd1 {[%clk
00:47:04]} {[%emt 00:05:19]} a6 {[%emt 00:02:20]} 18. Be2 {[%clk 00:45:59]}
{[%emt 00:01:28]} b5 {[%clk 01:05:31]} {[%emt 00:01:01]} 19. Qc2 {[%clk
00:44:46]} {[%emt 00:01:38]} Ne7 {[%clk 00:59:04]} {[%emt 00:07:02]} 20. Ne1
{[%clk 00:40:42]} {[%emt 00:04:33]} Nd5 {[%clk 00:58:56]} {[%emt 00:00:39]} 21.
Bf3 {[%clk 00:40:40]} {[%emt 00:00:29]} Bc6 {[%clk 00:55:44]} {[%emt 00:03:46]}
22. Qd2 {[%clk 00:38:49]} {[%emt 00:02:19]} Rbd8 {[%clk 00:53:58]} {[%emt
00:02:18]} 23. Nd3 {[%clk 00:36:46]} {[%emt 00:02:29]} Ne7 {[%clk 00:52:25]}
{[%emt 00:02:06]} 24. Bxc6 {[%clk 00:35:07]} {[%emt 00:02:09]} Nxc6 {[%clk
00:51:28]} {[%emt 00:01:27]} 25. Re1 {[%clk 00:27:07]} {[%emt 00:08:27]} e5
{[%clk 00:48:59]} {[%emt 00:03:02]} 26. Qc2 {[%clk 00:24:08]} {[%emt 00:03:24]}
exd4 {[%clk 00:49:00]} {[%emt 00:00:35]} 27. c4 {[%clk 00:23:37]} {[%emt
00:01:00]} bxc4 {[%clk 00:47:24]} {[%emt 00:02:06]} 28. Qxc4 {[%clk 00:23:51]}
{[%emt 00:00:16]} Ne5 {[%clk 00:42:42]} {[%emt 00:05:13]} 29. Nxe5 {[%clk
00:21:09]} {[%emt 00:03:11]} Bxe5 {[%clk 00:42:47]} {[%emt 00:00:25]} 30. Qd3
{[%clk 00:18:12]} {[%emt 00:03:18]} Qd5 {[%clk 00:40:43]} {[%emt 00:02:42]} 31.
Rb3 {[%clk 00:17:09]} {[%emt 00:01:33]} Bxh2+ {[%clk 00:40:46]} {[%emt
00:00:28]} 32. Kxh2 {[%clk 00:13:15]} {[%emt 00:04:24]} Rxe1 {[%clk 00:40:47]}
{[%emt 00:00:30]} 33. Qd2 {[%clk 00:11:31]} {[%emt 00:02:13]} Rde8 {[%clk
00:37:52]} {[%emt 00:03:25]} 34. Bb2 {[%clk 00:09:21]} {[%emt 00:02:40]} R1e2
{[%clk 00:32:15]} {[%emt 00:06:07]} 35. Qxd4 {[%clk 00:06:27]} {[%emt
00:03:24]} Qxd4 {[%clk 00:32:36]} {[%emt 00:00:10]} 36. Bxd4 {[%clk 00:06:51]}
{[%emt 00:00:06]} Rxa2 {[%clk 00:32:46]} {[%emt 00:00:21]} 37. Rb7 {[%clk
00:07:14]} {[%emt 00:00:07]} Rc8 {[%clk 00:32:06]} {[%emt 00:01:10]} 38. Kg3
{[%clk 00:05:39]} {[%emt 00:02:04]} Kf8 {[%clk 00:32:02]} {[%emt 00:00:34]} 39.
Kf4 {[%clk 00:05:55]} {[%emt 00:00:13]} Ra4 {[%clk 00:32:03]} {[%emt 00:00:28]}
40. Ke3 {[%clk 00:05:42]} {[%emt 00:00:45]} Re8+ {[%clk 00:31:02]} {[%emt
00:01:31]} 41. Kd3 {[%clk 00:06:03]} {[%emt 00:00:09]} Rd8 {[%clk 00:31:06]}
{[%emt 00:00:26]} 42. Rxc7 {[%clk 00:06:25]} {[%emt 00:00:08]} Raxd4+ {[%clk
00:31:05]} {[%emt 00:00:32]} 43. Kc3 {[%clk 00:06:41]} {[%emt 00:00:13]} R4d7
{[%clk 00:29:57]} {[%emt 00:01:38]} 44. Rc6 {[%clk 00:06:41]} {[%emt 00:00:30]}
Ra7 {[%clk 00:29:34]} {[%emt 00:00:52]} 45. Rb6 {[%clk 00:06:54]} {[%emt
00:00:17]} Rc8 {[%clk 00:29:08]} {[%emt 00:00:57]} 46. Kc4 {[%clk 00:07:03]}
{[%emt 00:00:20]} Rac7 {[%clk 00:29:27]} {[%emt 00:00:12]} 0-1

[Event "ODJM B 2025"]
[Site "Willingen GER"]
[Date "2025.06.11"]
[Round "6"]
[White "Asmussen, Johann"]
[Black "Görlach, Hanna"]
[Result "1-0"]
[Termination "normal"]
[Board "62"]
[WhiteElo "1563"]
[BlackElo "1511"]
[WhiteClock "00:58:26"]
[BlackClock "00:23:37"]
[PlyCount "33"]
[WhiteFideId "16273486"]
[BlackFideId "34675604"]
[EventCountry "GER"]
[EventRounds "9"]
[EventType "swiss"]
[EventDate "2025.06.07"]

1. e4 {[%clk 01:30:57]} {[%emt 00:00:02]} c5 {[%clk 01:30:56]} {[%emt
00:00:04]} 2. Nf3 {[%clk 01:31:20]} {[%emt 00:00:07]} Nc6 {[%clk 01:31:22]}
{[%emt 00:00:05]} 3. b4 {[%clk 01:31:29]} {[%emt 00:00:21]} Nxb4 {[%clk
01:19:15]} {[%emt 00:12:37]} 4. c3 {[%clk 01:28:01]} {[%emt 00:03:58]} Nc6
{[%clk 01:19:41]} {[%emt 00:00:04]} 5. d4 {[%clk 01:28:23]} {[%emt 00:00:07]}
cxd4 {[%clk 01:20:09]} {[%emt 00:00:04]} 6. cxd4 {[%clk 01:28:31]} {[%emt
00:00:21]} d5 {[%clk 01:01:22]} {[%emt 00:19:16]} 7. exd5 {[%clk 01:26:21]}
{[%emt 00:02:40]} Qxd5 {[%clk 01:01:44]} {[%emt 00:00:08]} 8. Nc3 {[%clk
01:26:44]} {[%emt 00:00:07]} Qd8 {[%clk 01:02:06]} {[%emt 00:00:08]} 9. d5
{[%clk 01:27:00]} {[%emt 00:00:14]} Nb8 {[%clk 01:01:39]} {[%emt 00:00:57]} 10.
Bb5+ {[%clk 01:25:32]} {[%emt 00:01:58]} Bd7 {[%clk 01:02:02]} {[%emt
00:00:08]} 11. Qa4 {[%clk 01:23:34]} {[%emt 00:02:28]} Nf6 {[%clk 00:51:49]}
{[%emt 00:10:43]} 12. Rb1 {[%clk 01:19:43]} {[%emt 00:04:21]} Qc7 {[%clk
00:49:02]} {[%emt 00:03:16]} 13. Bd2 {[%clk 01:17:46]} {[%emt 00:02:27]} g6
{[%clk 00:41:14]} {[%emt 00:08:19]} 14. O-O {[%clk 01:16:17]} {[%emt 00:01:59]}
a6 {[%clk 00:33:31]} {[%emt 00:08:13]} 15. Rfc1 {[%clk 01:14:36]} {[%emt
00:02:11]} Bg7 {[%clk 00:26:06]} {[%emt 00:07:55]} 16. d6 {[%clk 00:58:33]}
{[%emt 00:16:32]} Qxd6 {[%clk 00:23:37]} {[%emt 00:02:59]} 17. Ne4 {[%clk
00:58:26]} {[%emt 00:00:37]} 1-0

[Event "ODJM B 2025"]
[Site "Willingen GER"]
[Date "2025.06.11"]
[Round "6"]
[White "Boroshneva, Kassiya"]
[Black "Jones, Colin"]
[Result "0-1"]
[Termination "normal"]
[Board "63"]
[WhiteElo "1464"]
[BlackElo "1531"]
[WhiteClock "00:19:08"]
[BlackClock "01:17:26"]
[PlyCount "150"]
[WhiteFideId "34177418"]
[BlackFideId "533043655"]
[EventCountry "GER"]
[EventRounds "9"]
[EventType "swiss"]
[EventDate "2025.06.07"]

1. e4 {[%clk 01:30:59]} e5 {[%clk 01:30:55]} {[%emt 00:00:06]} 2. Nf3 {[%clk
01:31:18]} {[%emt 00:00:10]} Nc6 {[%clk 01:31:20]} {[%emt 00:00:05]} 3. Nc3
{[%clk 01:31:39]} {[%emt 00:00:10]} Nf6 {[%clk 01:31:33]} {[%emt 00:00:16]} 4.
Bc4 {[%clk 01:31:03]} {[%emt 00:01:06]} Bc5 {[%clk 01:31:55]} {[%emt 00:00:08]}
5. d3 {[%clk 01:31:15]} {[%emt 00:00:18]} O-O {[%clk 01:32:12]} {[%emt
00:00:14]} 6. O-O {[%clk 01:31:39]} {[%emt 00:00:06]} Re8 {[%clk 01:32:35]}
{[%emt 00:00:07]} 7. Bg5 {[%clk 01:31:39]} {[%emt 00:00:30]} h6 {[%clk
01:32:49]} {[%emt 00:00:16]} 8. Bh4 {[%clk 01:32:01]} {[%emt 00:00:08]} Na5
{[%clk 01:32:43]} {[%emt 00:00:37]} 9. Bb3 {[%clk 01:31:45]} {[%emt 00:00:46]}
c6 {[%clk 01:32:11]} {[%emt 00:01:02]} 10. a3 {[%clk 01:30:01]} {[%emt
00:02:14]} Nxb3 {[%clk 01:32:05]} {[%emt 00:00:36]} 11. cxb3 {[%clk 01:30:26]}
{[%emt 00:00:05]} d5 {[%clk 01:32:25]} {[%emt 00:00:10]} 12. Re1 {[%clk
01:23:29]} {[%emt 00:07:28]} d4 {[%clk 01:31:31]} {[%emt 00:01:24]} 13. Nb1
{[%clk 01:21:16]} {[%emt 00:02:42]} g5 {[%clk 01:31:25]} {[%emt 00:00:36]} 14.
Bg3 {[%clk 01:21:26]} {[%emt 00:00:21]} Bd6 {[%clk 01:31:34]} {[%emt 00:00:21]}
15. b4 {[%clk 01:21:35]} {[%emt 00:00:22]} Nh5 {[%clk 01:31:22]} {[%emt
00:00:42]} 16. h3 {[%clk 01:20:34]} {[%emt 00:01:30]} Nxg3 {[%clk 01:31:36]}
{[%emt 00:00:16]} 17. fxg3 {[%emt 00:00:14]} a5 {[%clk 01:31:08]} {[%emt
00:00:56]} 18. bxa5 {[%clk 01:20:35]} {[%emt 00:00:48]} Rxa5 {[%clk 01:31:09]}
{[%emt 00:00:28]} 19. Nh2 {[%clk 01:19:27]} {[%emt 00:01:38]} b5 {[%clk
01:31:11]} {[%emt 00:00:28]} 20. Rf1 {[%clk 01:18:52]} {[%emt 00:01:05]} Rf8
{[%clk 01:31:01]} {[%emt 00:00:41]} 21. Qh5 {[%clk 01:15:43]} {[%emt 00:03:39]}
Kg7 {[%clk 01:30:44]} {[%emt 00:00:46]} 22. Ng4 {[%clk 01:15:33]} {[%emt
00:00:39]} Bxg4 {[%clk 01:30:47]} {[%emt 00:00:28]} 23. Qxg4 {[%clk 01:15:37]}
{[%emt 00:00:25]} Ra7 {[%clk 01:30:30]} {[%emt 00:00:48]} 24. Nd2 {[%clk
01:15:23]} {[%emt 00:00:44]} c5 {[%clk 01:30:00]} {[%emt 00:01:00]} 25. Rf2
{[%clk 01:14:41]} {[%emt 00:01:12]} b4 {[%clk 01:28:37]} {[%emt 00:01:53]} 26.
Nc4 {[%clk 01:13:41]} {[%emt 00:01:30]} Qd7 {[%clk 01:25:59]} {[%emt 00:03:08]}
27. Qxd7 {[%clk 01:06:39]} {[%emt 00:07:32]} Rxd7 {[%clk 01:26:22]} {[%emt
00:00:07]} 28. a4 {[%clk 01:06:51]} {[%emt 00:00:18]} Bc7 {[%clk 01:26:04]}
{[%emt 00:00:48]} 29. b3 {[%clk 01:06:36]} {[%emt 00:00:45]} Kg6 {[%clk
01:25:04]} {[%emt 00:01:30]} 30. g4 {[%clk 01:05:39]} {[%emt 00:01:28]} f6
{[%clk 01:24:53]} {[%emt 00:00:41]} 31. Rc2 {[%clk 01:05:45]} {[%emt 00:00:23]}
Kf7 {[%clk 01:23:16]} {[%emt 00:02:07]} 32. a5 {[%clk 01:05:11]} {[%emt
00:01:05]} Ra8 {[%clk 01:23:24]} {[%emt 00:00:22]} 33. a6 {[%clk 01:02:27]}
{[%emt 00:03:15]} Ra7 {[%clk 01:23:31]} {[%emt 00:00:23]} 34. Kf2 {[%clk
00:59:50]} {[%emt 00:03:06]} Rd8 {[%clk 01:23:02]} {[%emt 00:00:59]} 35. Rca2
{[%clk 00:58:19]} {[%emt 00:02:02]} Ke6 {[%clk 01:22:43]} {[%emt 00:00:49]} 36.
Kg3 {[%clk 00:58:04]} {[%emt 00:00:46]} Rda8 {[%clk 01:21:50]} {[%emt
00:01:23]} 37. Kh2 {[%clk 00:54:05]} {[%emt 00:04:29]} Kd7 {[%clk 01:21:51]}
{[%emt 00:00:29]} 38. g3 {[%clk 00:54:11]} {[%emt 00:00:24]} Kc6 {[%clk
01:21:54]} {[%emt 00:00:27]} 39. Rf1 {[%clk 00:53:49]} {[%emt 00:00:52]} Bd8
{[%clk 01:21:24]} {[%emt 00:01:01]} 40. Rfa1 {[%clk 00:53:19]} {[%emt
00:01:00]} Be7 {[%clk 01:21:27]} {[%emt 00:00:26]} 41. Ra5 {[%clk 00:52:59]}
{[%emt 00:00:50]} Bd8 {[%clk 01:21:18]} {[%emt 00:00:39]} 42. R5a2 {[%clk
00:53:04]} {[%emt 00:00:26]} Bc7 {[%clk 01:20:23]} {[%emt 00:01:24]} 43. Rf2
{[%clk 00:53:04]} {[%emt 00:00:29]} Bd8 {[%clk 01:20:17]} {[%emt 00:00:37]} 44.
Rfa2 {[%clk 00:52:53]} {[%emt 00:00:41]} Re7 {[%clk 01:19:34]} {[%emt
00:01:13]} 45. Kg2 {[%clk 00:49:27]} {[%emt 00:03:57]} Raa7 {[%clk 01:19:12]}
{[%emt 00:00:52]} 46. Kh2 {[%clk 00:48:13]} {[%emt 00:01:43]} Kc7 {[%clk
01:18:54]} {[%emt 00:00:48]} 47. Ra5 {[%clk 00:47:16]} {[%emt 00:01:28]} Kc6
{[%clk 01:19:13]} {[%emt 00:00:11]} 48. R5a2 {[%clk 00:47:36]} {[%emt
00:00:10]} Kd7 {[%clk 01:19:34]} {[%emt 00:00:09]} 49. Rf2 {[%clk 00:46:39]}
{[%emt 00:01:27]} Re6 {[%clk 01:19:46]} {[%emt 00:00:19]} 50. Rfa2 {[%clk
00:46:03]} {[%emt 00:01:06]} Kc8 {[%clk 01:20:07]} {[%emt 00:00:09]} 51. Kg2
{[%clk 00:45:35]} {[%emt 00:00:57]} Kb8 {[%clk 01:20:15]} {[%emt 00:00:22]} 52.
Kh2 {[%clk 00:45:09]} {[%emt 00:00:56]} Bb6 {[%clk 01:20:36]} {[%emt 00:00:09]}
53. Kg2 {[%clk 00:44:26]} {[%emt 00:01:13]} Rc7 {[%clk 01:20:51]} {[%emt
00:00:15]} 54. Nxb6 {[%clk 00:41:42]} {[%emt 00:03:14]} Rxb6 {[%clk 01:21:12]}
{[%emt 00:00:10]} 55. Rc2 {[%clk 00:39:50]} {[%emt 00:02:22]} Ka7 {[%clk
01:21:30]} {[%emt 00:00:13]} 56. Ra5 {[%clk 00:38:22]} {[%emt 00:01:58]} Rbc6
{[%clk 01:21:45]} {[%emt 00:00:15]} 57. Rca2 {[%clk 00:38:06]} {[%emt
00:00:46]} Rc8 {[%clk 01:21:07]} {[%emt 00:01:08]} 58. Kf1 {[%clk 00:36:21]}
{[%emt 00:02:14]} Rh8 {[%clk 01:20:17]} {[%emt 00:01:20]} 59. Ra1 {[%clk
00:34:05]} {[%emt 00:02:47]} Rh7 {[%clk 01:15:24]} {[%emt 00:05:22]} 60. Kg2
{[%clk 00:30:59]} {[%emt 00:03:36]} Rcc7 {[%clk 01:14:55]} {[%emt 00:00:59]}
61. Rb5 {[%clk 00:26:14]} {[%emt 00:05:16]} Rh8 {[%clk 01:14:55]} {[%emt
00:00:29]} 62. Raa5 {[%clk 00:25:11]} {[%emt 00:01:33]} Rhc8 {[%clk 01:15:12]}
{[%emt 00:00:13]} 63. Ra1 {[%clk 00:24:30]} {[%emt 00:01:12]} Rb8 {[%clk
01:15:11]} {[%emt 00:00:31]} 64. Rba5 {[%clk 00:23:30]} {[%emt 00:01:29]} Rc6
{[%clk 01:14:47]} {[%emt 00:00:53]} 65. Kf2 {[%clk 00:21:58]} {[%emt 00:02:03]}
Rbb6 {[%clk 01:14:42]} {[%emt 00:00:34]} 66. Rc1 {[%clk 00:21:44]} {[%emt
00:00:43]} Rxa6 {[%clk 01:15:02]} {[%emt 00:00:11]} 67. Raxc5 {[%clk 00:20:12]}
{[%emt 00:02:03]} Rxc5 {[%clk 01:15:22]} {[%emt 00:00:10]} 68. Rxc5 {[%clk
00:20:38]} {[%emt 00:00:03]} Ra2+ {[%clk 01:15:42]} {[%emt 00:00:11]} 69. Ke1
{[%clk 00:20:41]} {[%emt 00:00:26]} Rb2 {[%clk 01:15:37]} {[%emt 00:00:36]} 70.
Rc6 {[%clk 00:20:50]} {[%emt 00:00:20]} Rxb3 {[%clk 01:15:56]} {[%emt
00:00:11]} 71. Rxf6 {[%clk 00:21:10]} {[%emt 00:00:10]} Rxd3 {[%clk 01:16:17]}
{[%emt 00:00:09]} 72. Rxh6 {[%clk 00:20:41]} {[%emt 00:00:59]} b3 {[%clk
01:16:29]} {[%emt 00:00:18]} 73. Rc6 {[%clk 00:20:35]} {[%emt 00:00:36]} b2
{[%clk 01:16:44]} {[%emt 00:00:15]} 74. Rc7+ {[%clk 00:19:02]} {[%emt
00:02:03]} Kb6 {[%clk 01:17:03]} {[%emt 00:00:10]} 75. Rg7 {[%clk 00:19:08]}
{[%emt 00:00:24]} b1=Q+ {[%clk 01:17:26]} {[%emt 00:00:07]} 0-1

[Event "ODJM B 2025"]
[Site "Willingen GER"]
[Date "2025.06.11"]
[Round "6"]
[White "Krannich, Eva"]
[Black "Hendler, Maximilian"]
[Result "1-0"]
[Termination "normal"]
[Board "64"]
[WhiteElo "1509"]
[BlackElo "1555"]
[WhiteClock "00:33:21"]
[BlackClock "00:21:38"]
[PlyCount "39"]
[WhiteFideId "34639713"]
[BlackFideId "34616500"]
[EventCountry "GER"]
[EventRounds "9"]
[EventType "swiss"]
[EventDate "2025.06.07"]

1. e4 {[%clk 01:30:58]} {[%emt 00:00:01]} c5 {[%clk 01:30:51]} {[%emt
00:00:09]} 2. Nf3 {[%clk 01:31:21]} {[%emt 00:00:07]} g6 {[%clk 01:31:12]}
{[%emt 00:00:10]} 3. d3 {[%clk 01:31:43]} {[%emt 00:00:07]} Bg7 {[%clk
01:31:33]} {[%emt 00:00:09]} 4. g3 {[%clk 01:32:06]} {[%emt 00:00:07]} Nc6
{[%clk 01:31:37]} {[%emt 00:00:27]} 5. Bg2 {[%clk 01:32:23]} {[%emt 00:00:12]}
Nf6 {[%clk 01:31:39]} {[%emt 00:00:28]} 6. O-O {[%clk 01:32:39]} {[%emt
00:00:14]} d5 {[%clk 01:31:50]} {[%emt 00:00:19]} 7. Nbd2 {[%clk 01:32:48]}
{[%emt 00:00:22]} b6 {[%clk 01:29:55]} {[%emt 00:02:25]} 8. h3 {[%clk
01:23:27]} {[%emt 00:09:50]} e5 {[%clk 01:18:38]} {[%emt 00:11:47]} 9. c3
{[%clk 01:23:27]} {[%emt 00:00:31]} Ba6 {[%clk 01:14:18]} {[%emt 00:04:50]} 10.
exd5 {[%clk 01:13:25]} {[%emt 00:10:32]} Nxd5 {[%clk 01:11:57]} {[%emt
00:02:50]} 11. Nb3 {[%clk 01:12:41]} {[%emt 00:01:14]} O-O {[%clk 01:08:49]}
{[%emt 00:03:38]} 12. Re1 {[%clk 01:03:53]} {[%emt 00:09:19]} Rc8 {[%clk
00:53:36]} {[%emt 00:15:42]} 13. Be3 {[%clk 00:59:11]} {[%emt 00:05:12]} Nxe3
{[%clk 00:53:19]} {[%emt 00:00:47]} 14. Rxe3 {[%clk 00:59:34]} {[%emt
00:00:06]} Qd6 {[%clk 00:50:14]} {[%emt 00:03:36]} 15. Nbd2 {[%clk 00:43:49]}
{[%emt 00:16:14]} f5 {[%clk 00:43:13]} {[%emt 00:07:31]} 16. Ne1 {[%clk
00:39:51]} {[%emt 00:04:28]} Rfd8 {[%clk 00:38:09]} {[%emt 00:05:35]} 17. Qa4
{[%clk 00:36:08]} {[%emt 00:04:14]} Bb7 {[%clk 00:34:35]} {[%emt 00:04:03]} 18.
Nc4 {[%clk 00:34:42]} {[%emt 00:01:56]} Qd7 {[%clk 00:33:05]} {[%emt 00:02:00]}
19. Qb3 {[%clk 00:33:03]} {[%emt 00:02:10]} f4 {[%clk 00:21:38]} {[%emt
00:11:57]} 20. Nxe5+ {[%clk 00:33:21]} {[%emt 00:00:11]} 1-0

[Event "ODJM B 2025"]
[Site "Willingen GER"]
[Date "2025.06.11"]
[Round "6"]
[White "Meller, Nils"]
[Black "Berger, Johanna"]
[Result "0-1"]
[Termination "normal"]
[Board "65"]
[WhiteElo "1433"]
[BlackElo "1591"]
[WhiteClock "00:57:35"]
[BlackClock "00:38:06"]
[PlyCount "50"]
[WhiteFideId "34644962"]
[BlackFideId "16207025"]
[EventCountry "GER"]
[EventRounds "9"]
[EventType "swiss"]
[EventDate "2025.06.07"]

1. d4 {[%clk 01:30:51]} {[%emt 00:00:08]} f5 {[%clk 01:30:57]} {[%emt
00:00:05]} 2. Nf3 {[%clk 01:31:07]} {[%emt 00:00:13]} e6 {[%clk 01:31:23]}
{[%emt 00:00:05]} 3. Bf4 {[%clk 01:30:25]} {[%emt 00:01:11]} Nf6 {[%clk
01:31:24]} {[%emt 00:00:30]} 4. e3 {[%clk 01:30:07]} {[%emt 00:00:48]} Be7
{[%clk 01:31:26]} {[%emt 00:00:28]} 5. Bd3 {[%clk 01:29:30]} {[%emt 00:01:05]}
O-O {[%clk 01:30:14]} {[%emt 00:00:56]} 6. h3 {[%clk 01:29:24]} {[%emt
00:01:24]} Ne4 {[%clk 01:29:48]} {[%emt 00:00:56]} 7. Nbd2 {[%clk 01:28:24]}
{[%emt 00:01:29]} d5 {[%clk 01:26:50]} {[%emt 00:03:30]} 8. Qe2 {[%clk
01:26:15]} {[%emt 00:02:36]} c5 {[%clk 01:24:55]} {[%emt 00:02:27]} 9. c3
{[%clk 01:26:02]} {[%emt 00:00:42]} Qb6 {[%clk 01:21:43]} {[%emt 00:03:43]} 10.
Rb1 {[%clk 01:24:36]} {[%emt 00:01:55]} Nc6 {[%clk 01:06:30]} {[%emt 00:15:44]}
11. O-O {[%clk 01:21:12]} {[%emt 00:03:54]} c4 {[%clk 00:55:10]} {[%emt
00:11:51]} 12. Bc2 {[%clk 01:20:28]} {[%emt 00:01:14]} Qd8 {[%clk 00:52:31]}
{[%emt 00:03:09]} 13. b4 {[%clk 01:17:34]} {[%emt 00:03:22]} Nxc3 {[%clk
00:51:50]} {[%emt 00:01:11]} 14. Qe1 {[%clk 01:14:27]} {[%emt 00:03:35]} Nxb1
{[%clk 00:49:48]} {[%emt 00:02:35]} 15. Qxb1 {[%clk 01:13:56]} {[%emt
00:01:01]} Nxb4 {[%clk 00:50:05]} {[%emt 00:00:13]} 16. Ne5 {[%clk 01:12:22]}
{[%emt 00:02:02]} Qa5 {[%clk 00:50:27]} {[%emt 00:00:10]} 17. a4 {[%clk
01:10:03]} {[%emt 00:02:47]} Rb8 {[%clk 00:44:26]} {[%emt 00:06:33]} 18. Ng6
{[%clk 01:05:52]} {[%emt 00:04:36]} hxg6 {[%clk 00:43:02]} {[%emt 00:01:59]}
19. Bxb8 {[%clk 01:06:03]} {[%emt 00:00:19]} Bd7 {[%clk 00:43:08]} {[%emt
00:00:24]} 20. Be5 {[%clk 01:05:38]} {[%emt 00:00:53]} Nxc2 {[%clk 00:40:34]}
{[%emt 00:03:06]} 21. Qxc2 {[%clk 01:05:49]} {[%emt 00:00:17]} Bb4 {[%clk
00:40:13]} {[%emt 00:00:53]} 22. Nf3 {[%clk 01:03:50]} {[%emt 00:02:27]} Bxa4
{[%clk 00:39:42]} {[%emt 00:01:03]} 23. Qb2 {[%clk 01:01:58]} {[%emt 00:02:16]}
c3 {[%clk 00:38:46]} {[%emt 00:01:32]} 24. Qc1 {[%emt 00:04:32]} Rc8 {[%clk
00:37:45]} 25. Ne1 {[%clk 00:57:35]} {[%emt 00:02:17]} Bb5 {[%clk 00:38:06]}
{[%emt 00:00:13]} 0-1

[Event "ODJM B 2025"]
[Site "Willingen GER"]
[Date "2025.06.11"]
[Round "6"]
[White "Kulgemeyer, Justus"]
[Black "Rabus, Johann"]
[Result "0-1"]
[Termination "normal"]
[Board "66"]
[WhiteElo "1557"]
[BlackElo "1579"]
[WhiteClock "01:24:16"]
[BlackClock "01:20:27"]
[PlyCount "40"]
[WhiteFideId "34623671"]
[BlackFideId "34602950"]
[EventCountry "GER"]
[EventRounds "9"]
[EventType "swiss"]
[EventDate "2025.06.07"]

1. d4 {[%clk 01:30:57]} {[%emt 00:00:03]} c6 {[%clk 01:30:50]} {[%emt
00:00:11]} 2. Nc3 {[%clk 01:31:14]} {[%emt 00:00:13]} d5 {[%clk 01:31:14]}
{[%emt 00:00:07]} 3. Bf4 {[%clk 01:31:39]} {[%emt 00:00:05]} Bf5 {[%clk
01:31:36]} {[%emt 00:00:07]} 4. e3 {[%clk 01:32:03]} {[%emt 00:00:07]} e6
{[%emt 00:00:13]} 5. g4 {[%clk 01:32:27]} Bg6 {[%clk 01:32:22]} {[%emt
00:00:06]} 6. h4 {[%clk 01:32:27]} {[%emt 00:00:31]} h5 {[%clk 01:32:45]}
{[%emt 00:00:06]} 7. g5 {[%clk 01:32:50]} {[%emt 00:00:07]} Bb4 {[%clk
01:32:21]} {[%emt 00:00:52]} 8. Bd3 {[%clk 01:31:47]} {[%emt 00:01:35]} Bxd3
{[%clk 01:32:02]} {[%emt 00:00:49]} 9. Qxd3 {[%clk 01:32:11]} {[%emt 00:00:06]}
Ne7 {[%clk 01:32:23]} {[%emt 00:00:08]} 10. Nge2 {[%clk 01:31:24]} {[%emt
00:01:18]} Bd6 {[%clk 01:27:43]} {[%emt 00:05:10]} 11. Bxd6 {[%clk 01:29:20]}
{[%emt 00:02:34]} Qxd6 {[%clk 01:28:06]} {[%emt 00:00:06]} 12. Nf4 {[%clk
01:29:44]} {[%emt 00:00:06]} g6 {[%clk 01:26:00]} {[%emt 00:02:36]} 13. O-O-O
{[%clk 01:29:06]} {[%emt 00:01:08]} Nd7 {[%clk 01:24:32]} {[%emt 00:01:58]} 14.
f3 {[%clk 01:26:13]} {[%emt 00:03:23]} Nb6 {[%clk 01:23:46]} {[%emt 00:01:16]}
15. Nfe2 {[%clk 01:25:59]} {[%emt 00:00:45]} Nc4 {[%clk 01:23:47]} {[%emt
00:00:28]} 16. a3 {[%clk 01:25:15]} {[%emt 00:01:14]} b5 {[%clk 01:23:07]}
{[%emt 00:01:10]} 17. e4 {[%clk 01:24:36]} {[%emt 00:01:09]} b4 {[%clk
01:20:23]} {[%emt 00:03:14]} 18. e5 {[%clk 01:24:48]} {[%emt 00:00:18]} Qb8
{[%clk 01:20:43]} {[%emt 00:00:09]} 19. Nb1 {[%clk 01:24:07]} {[%emt 00:01:12]}
bxa3 {[%clk 01:20:53]} {[%emt 00:00:20]} 20. Nxa3 {[%clk 01:24:16]} {[%emt
00:00:22]} Qxb2# {[%clk 01:20:27]} {[%emt 00:00:11]} 0-1